Breakaway states - Statistics

General Stats
  • This quiz has been taken 73 times
  • The average score is 18 of 60
Answer Stats
Hint Answer % Correct
United Kingdom Scotland
90%
Moldova Transnistria
78%
Spain Catalonia
76%
Belgium Flanders
71%
Georgia South Ossetia
69%
Georgia Abkhazia
67%
Syria/Iraq/Turkey/Iran Kurdistan
64%
China Tibet
62%
Cyprus Northern Cyprus
60%
Belgium Wallonia
55%
India/Pakistan/China Kashmir
52%
Ethiopia Somali
48%
Somalia Somaliland
47%
Ukraine Donetsk
45%
Canada Quebec
45%
Morocco Western Sahara
45%
France French Guiana
41%
China Hong kong
41%
Ukraine Luhansk
40%
Papua New Guinea Bougainville
36%
Romania Transylvania
36%
China Macau
34%
Azerbaijan Artsakh
29%
Spain Galicia
29%
France New Caledonia
29%
United States Texas
28%
Netherlands Aruba
26%
Ecuador Galapagosislands
26%
Cyprus Akrotiri
24%
Netherlands Curacao
24%
China Xinjiang
24%
France Britanny
22%
Cyprus Dhekelia
22%
France Guadeloupe
22%
France Martinique
22%
France Reunion
22%
Australia Cook island
21%
Netherlands Bonaire
19%
Russia Kaliningrad
19%
Spain Ceuta
17%
France Mayotte
17%
Australia Niue
17%
Indonesia West Papua
17%
Angola Cabinda
16%
United Kingdom Falklandislands
16%
New Zealand Norfolk island
12%
Yemen Socotra
12%
Cameroon Ambazonia
10%
United Kingdom Anguilla
10%
Mali Azawad
10%
Spain Mellila
10%
Malaysia Sabah
9%
Ethiopia Gambella
3%
Bosnia and Herzegovina Republic of Srpska
3%
Namibia Caprivi
2%
Cyprus Central Cyprus
2%
Russia Czechenya
2%
China Heilongjiang
2%
Russia Sahalin
2%
India Sikhim
2%
No matching quizzes found
Score Distribution
Percent of People with Each Score
Percentile by Number Answered
Your Score History
You have not taken this quiz